000 00447nam a2200181Ia 4500
001 18396
005 20260306171627.0
008 260306s9999||||xx |||||||||||||| ||und||
041 _aESP
082 _a658.4038
_bM36
100 _aMedina La Plata, Edison
_eAUT
245 0 _aBusiness intelligence:
_buna guía práctica
260 _c2014
300 _a111 páginas :
_c22 cm.
650 _aGEN
654 _aCAN
942 _cLIB
_dJUS
_fJUS
_2ddc
_n
999 _c18396
_d18396